Comprensión lectora y memoria operativa: aspectos evolutivos e instruccionales

Uloženo v:
Podrobná bibliografie
Hlavní autoři: García Madruga, Juan Antonio (autor), Elosúa, María Rosa (Autor), Gutiérrez Martínez, Francisco (Autor), Luque, Juan Luis (Autor), Gárate, Milagros (Autor)
Médium: Kniha
Jazyk:španělština
Vydáno: Buenos Aires Paidós SAICF 2006
Vydání:1a. ed
Edice:Psicología, Psiquiatría, Psicoterapia, 226
Témata:
Tagy: Přidat tag
Žádné tagy, Buďte první, kdo vytvoří štítek k tomuto záznamu!

MARC

LEADER 00000nam a2200000 a 4500
001 UCG4040
003 CL-VaPUC
008 101004e20060000AG |||||||||||||||||spa|d
020 |a 9501231356 
082 0 4 |a 372.41  |b GAR  |2 21 
100 |a García Madruga, Juan Antonio  |e autor  |9 565374 
700 0 |a Elosúa, María Rosa  |e author  |9 553365 
700 |a Gutiérrez Martínez, Francisco  |e author  |9 553366 
700 0 |a Luque, Juan Luis  |e author  |9 553367 
700 0 |a Gárate, Milagros  |e author  |9 553368 
245 1 0 |a Comprensión lectora y memoria operativa: aspectos evolutivos e instruccionales 
250 |a 1a. ed 
300 |a 184 p 
942 |c BK 
945 |d 20101004 00:00:00  |a mfarfan 
260 |a Buenos Aires  |b Paidós SAICF  |c 2006 
650 0 |a Enseñanza de la lectura  |9 308364 
650 0 |a Aprendizaje   |9 254827 
650 0 |a Comprensión de lectura  |9 307588 
583 |a last modification  |c 20121016 12:12:46  |k Rodrigo Vera 
490 0 |a Psicología, Psiquiatría, Psicoterapia, 226 
999 |c 342942  |d 342940 
952 |0 0  |1 0  |4 0  |6 372_410000000000000_GAR_2006  |7 0  |8 A  |9 439657  |a BIBEDU  |b BIBEDU  |c ES_NOD  |d 2019-11-22  |i 4723791  |o 372.41 GAR 2006  |p 4723791  |r 2023-08-09  |w 2019-11-22  |y BK  |k EBA